[Event "22nd OIBM 2018"]
[Site "Tegernsee GER"]
[Date "2018.11.01"]
[Round "6.4"]
[White "Papp,Ga"]
[Black "Halkias,S"]
[Result "1-0"]
[WhiteElo "2591"]
[BlackElo "2544"]

1.d4 Nf6 2.Nf3 e6 3.c4 c5 4.d5 d6 5.Nc3 exd5 6.cxd5 g6 7.Bf4 Bg7 8.Qa4+ Bd7
9.Qb3 b5 10.Bxd6 Qb6 11.Be5 O-O 12.e3 c4 13.Qd1 b4 14.Nb1 Rc8 15.Nbd2 Bb5
16.a4 bxa3 17.Rxa3 Nbd7 18.Bd4 Qb7 19.Be2 Bf8 20.Ra1 Nxd5 21.Rc1 N7b6 22.Ne4 Re8
23.Nc3 Nxc3 24.bxc3 Ba4 25.Qd2 Rad8 26.O-O Bb3 27.Ra1 Rd5 28.Qc1 a5 29.Nd2 Qc7
30.Nxb3 cxb3 31.Qb2 a4 32.Bxb6 Qxb6 33.Rxa4 Bg7 34.Ra3 Rc5 35.Rxb3 Qf6 36.Rc1 h5
37.Rb8 Rcc8 38.Rb6 Re6 39.Rxe6 Qxe6 40.Qd2 Bf8 41.c4 Bc5 42.h4 Qf6 43.g3 Rb8
44.Qc3 Qxc3 45.Rxc3 Kf8 46.Rc2 Ke7 47.Bf3 Rb3 48.Bd5 Ra3 49.Rb2 Ra7 50.Kg2 Rc7
51.Rb8 Ba7 52.Ra8 Bc5 53.Kf3 Bd6 54.Ke2 Bc5 55.Kd3 Bb4 56.Rb8 Bd6 57.Ra8 Bb4
58.Ra6 Be1 59.Ke2 Bb4 60.f4 Bc5 61.Ra5 Bb6 62.Rb5 Bc5 63.Kf3 f5 64.Ra5 Kf6
65.e4 Bd4 66.e5+ Kg7 67.Ke2 Bg1 68.Ra8 Bc5 69.Rg8+ Kh7 70.Rd8 Be7 71.Re8 Kg7
72.Rg8+ Kh7 73.Bf7 Rc6 74.Kd3 Bc5 75.e6 Rd6+ 76.Ke2 Rb6 77.Rxg6 Rb2+ 78.Kd3 Rb3+
79.Kc2 Re3 80.Rg5 Be7 81.Rxh5+ Kg7 82.Rxf5 Rxg3 83.h5 Rh3 84.Bg6 Bf6 85.Rc5  1-0

[Event "FSIM November 2018"]
[Site "Budapest HUN"]
[Date "2018.11.03"]
[Round "1.4"]
[White "Li Hong"]
[Black "Saksham,Rautela"]
[Result "1-0"]
[WhiteElo "2337"]
[BlackElo "2127"]

1.d4 Nf6 2.c4 c5 3.d5 e6 4.Nc3 exd5 5.cxd5 d6 6.Nf3 g6 7.Nd2 Bg7 8.Nc4 O-O
9.Bf4 Ne8 10.Qd2 b6 11.a4 Na6 12.g3 Nb4 13.Bg2 Ba6 14.Nb5 Qd7 15.O-O Bxb5
16.axb5 Qxb5 17.Rfc1 a5 18.e4 Rd8 19.Bf1 Nf6 20.f3 Qd7 21.Nxb6 Qc7 22.Nc4 Nh5
23.Be3 f5 24.Nxa5 fxe4 25.fxe4 Rde8 26.Bg2 Qd8 27.Nc4 Nf6 28.Nxd6 Qxd6 29.Bxc5 Qe5
30.Qxb4 Rf7 31.Bd6 Qg5 32.Bf4 Qh5 33.h3  1-0

[Event "Chigorin Memorial 2018"]
[Site "St Petersburg RUS"]
[Date "2018.11.03"]
[Round "8.22"]
[White "Aleksandrov,A"]
[Black "Suleymenov,Alisher"]
[Result "1-0"]
[WhiteElo "2602"]
[BlackElo "2331"]

1.d4 Nf6 2.c4 c5 3.d5 e6 4.Nc3 exd5 5.cxd5 d6 6.Nf3 g6 7.Bf4 Bg7 8.Qa4+ Bd7
9.Qb3 Qc7 10.e4 O-O 11.Be2 Nh5 12.Be3 f5 13.exf5 Bxf5 14.Ng5 Nf6 15.O-O Kh8
16.Bf4 a6 17.Rad1 Nbd7 18.Ne6 Bxe6 19.dxe6 Ne5 20.Bxe5 dxe5 21.Nd5 Nxd5 22.Rxd5 Rad8
23.Rfd1 Rxd5 24.Qxd5 Bf6 25.Qf3 Be7 26.Qe3 Rd8 27.Rxd8+ Bxd8 28.a4 Bf6 29.Qf3 Kg7
30.b3 Qc8 31.Qd5 Qc7 32.g3 Kf8 33.Bc4 Kg7 34.h4 Be7 35.h5 b5 36.axb5 axb5
37.Bxb5 Qd6 38.Qb7 Qxe6 39.Bc4 Qf6 40.Bd3 Kh6 41.hxg6 hxg6 42.Qc8 Kg7 43.Be4 Qf7
44.Qg4 Qf6 45.Qd7 Kf7 46.Bd5+ Kg7 47.Qb7 Qd6 48.Bc4 Qd8 49.Qc6 Qd6 50.Qa8 Qd8
51.Qf3 Qf8 52.Qd5 Qf6 53.Kg2 Kh6 54.Bb5 Kg7 55.Bd3 Qd6 56.Qe4 Qf6 57.Bc4 Qd6
58.Qa8 Qf6 59.Qg8+ Kh6 60.Bd3 Qc6+ 61.Kg1 Qf6 62.Be4 Bd6 63.Kg2 Be7 64.Kg1 Bd6
65.Kf1 Be7 66.Ke1 Bd6 67.Kd1 Be7 68.Ke2 Qa6+ 69.Ke3 Qf6 70.Kd3 Qd6+ 71.Kc2 Qf6
72.Kc3 Bd6 73.Kc4 Be7 74.Kb5 Qg7 75.Qe8 Bd6 76.Qe6 Bf8 77.Qh3+ Kg5 78.Qh4+  1-0

[Event "22nd OIBM 2018"]
[Site "Tegernsee GER"]
[Date "2018.11.03"]
[Round "8.52"]
[White "Schaefer,Mi1"]
[Black "Ott,Josef Sebastian"]
[Result "1-0"]
[WhiteElo "2185"]
[BlackElo "1961"]

1.d4 Nf6 2.Nf3 c5 3.d5 e6 4.c4 d6 5.Nc3 exd5 6.cxd5 g6 7.Bf4 a6 8.a4 Bg7
9.h3 O-O 10.e3 Qc7 11.Be2 Nfd7 12.O-O Ne5 13.Bxe5 dxe5 14.Nd2 Rd8 15.Nc4 f5
16.d6 Qf7 17.Nb6 Ra7 18.Nxc8 Rxc8 19.a5 Nd7 20.Nd5 Kh8 21.Bc4 Rc6 22.Nb6 Qe8
23.Qa4 Nxb6 24.axb6 Ra8 25.Bb5  1-0

[Event "Chigorin Memorial 2018"]
[Site "St Petersburg RUS"]
[Date "2018.11.04"]
[Round "9.100"]
[White "Gagare,Shal"]
[Black "Kurchenko,Egor"]
[Result "1-0"]
[WhiteElo "2013"]
[BlackElo "1710"]

1.d4 Nf6 2.c4 e6 3.Nf3 c5 4.d5 exd5 5.cxd5 d6 6.Nc3 Nbd7 7.e4 Be7 8.h3 a6
9.a4 b6 10.Bd3 O-O 11.O-O Ne8 12.Bf4 Bf6 13.Bc2 Ne5 14.Nd2 Bd7 15.Bh2 b5
16.f4 Ng6 17.e5 dxe5 18.Bxg6 hxg6 19.fxe5 Bg5 20.axb5 Bxb5 21.Re1 f5 22.Nxb5 axb5
23.Rxa8 Qxa8 24.Nf3 Bd8 25.d6 Ba5 26.Re2 f4 27.d7 Nc7 28.e6 Qd5 29.Qxd5 Nxd5
30.e7 Nxe7 31.Rxe7 Bd8 32.Re8 Bb6 33.Bxf4 Kf7 34.Ng5+ Kg8 35.Bd6 c4+ 36.Kh2 Bd8
37.Rxf8+  1-0

[Event "FSGM November 2018"]
[Site "Budapest HUN"]
[Date "2018.11.05"]
[Round "3.2"]
[White "Krstulovic,Alex"]
[Black "Kotronias,V"]
[Result "1/2-1/2"]
[WhiteElo "2309"]
[BlackElo "2469"]

1.d4 Nf6 2.c4 e6 3.Nf3 c5 4.d5 exd5 5.cxd5 d6 6.Nc3 g6 7.Nd2 Bg7 8.e4 O-O
9.Be2 Nbd7 10.O-O Re8 11.a4 a6 12.f4 c4 13.Kh1 Nc5 14.e5 dxe5 15.fxe5 Rxe5
16.Nxc4 Rxe2 17.Qxe2 Nb3 18.Ra3 Bg4 19.Qf2 Nxc1 20.Rxc1 Bf8 21.Raa1 Rc8 22.Ne3 Bc5
23.Qf4 Bd6 24.Qd4 Bc5 25.Qd3 Bxe3 26.Qxe3 Nxd5 27.Nxd5 Rxc1+ 28.Rxc1 Qxd5
29.Qc5 Qd2 30.Qc3 Qd7 31.Qc7 Qd5 32.Re1 Bd7 33.Qc2 Bc6 34.Rd1 Qe5  1/2-1/2

[Event "Tula GM 2 2018"]
[Site "Tula RUS"]
[Date "2018.11.09"]
[Round "8"]
[White "Oganian,M"]
[Black "Saydaliev,Saidakbar"]
[Result "1/2-1/2"]
[WhiteElo "2435"]
[BlackElo "2385"]

1.d4 Nf6 2.Nf3 c5 3.d5 e6 4.c4 exd5 5.cxd5 d6 6.Nc3 g6 7.Nd2 a6 8.a4 Bg7
9.Nc4 O-O 10.Bf4 Ne8 11.e3 f5 12.h3 Qc7 13.Be2 Nd7 14.O-O Nb6 15.Na3 Nd7
16.Qd2 Ne5 17.Bh2 Nf6 18.Bxe5 dxe5 19.Nc4 Rd8 20.d6 Qc6 21.Rfd1 Bf8 22.e4 Be6
23.exf5 Bxc4 24.Bxc4+ Kg7 25.fxg6 hxg6 26.Qg5 Bxd6 27.Nd5 Rf8 28.Nxf6 Rxf6
29.Ra3 Rd8 30.Bd5 Qc7 31.Be4 c4 32.Rg3 Bc5 33.Rf1 Qd6 34.h4 Rh8 35.Rg4 Rf4
36.Bxb7 Rxg4 37.Qxg4 Rb8 38.Be4 Rxb2 39.h5 Qf6 40.Qg3 g5 41.h6+ Kxh6 42.Qh3+ Kg7
43.Qd7+ Qe7 44.Qf5 Qf6 45.Qd7+ Qf7 46.Qxf7+ Kxf7 47.Bd5+ Kf6 48.Bxc4 a5 49.Bd3 Ra2
50.Bb5 e4 51.g3 Ke5 52.Bc6 Bd4 53.Bb5 Rc2 54.Be8 Kd5 55.Bf7+ Kc5 56.Bg6 Kd5
57.Bf7+ Ke5 58.Be8 Rd2 59.Bg6 Bc5 60.Be8 Kf5 61.Bc6 Ra2 62.Bd7+ Ke5 63.Bc6 Rd2
64.Bb5 Bb6 65.Be8 Kf5 66.Bc6 g4 67.Bb5 Kg5 68.Bc6 Kf5 69.Bb5 Rc2 70.Bd7+ Kg5
71.Bb5 e3 72.fxe3 Bxe3+ 73.Kh1 Bf2 74.Bd7 Rd2 75.Bc8 Bxg3 76.Rf8 Bc7 77.Rg8+ Kf4
78.Rxg4+ Kf3 79.Rg2 Rd1+ 80.Rg1 Rd4 81.Rf1+ Kg3 82.Rg1+ Kf2 83.Rg2+ Ke3 84.Ra2 Bd6
85.Kg2 Rh4 86.Bh3 Rh7 87.Rb2 Rg7+ 88.Kf1 Bc5 89.Rb3+ Kd2 90.Rb2+ Kc3 91.Rb5 Bd4
92.Ke2 Rg3 93.Bf5 Rg2+ 94.Kf3 Rg7 95.Rxa5 Ra7 96.Rxa7 Bxa7 97.a5  1/2-1/2

[Event "TCh-FIN 2018-19"]
[Site "Finland FIN"]
[Date "2018.11.10"]
[Round "3.2"]
[White "Moiseenko,Va"]
[Black "Galchenko,Matvey"]
[Result "1-0"]
[WhiteElo "2495"]
[BlackElo "2363"]

1.d4 Nf6 2.Nf3 e6 3.c4 c5 4.d5 exd5 5.cxd5 d6 6.Nc3 g6 7.Qa4+ Nbd7 8.Bf4 a6
9.g3 Rb8 10.Bg2 b5 11.Qc2 Qe7 12.a3 Bg7 13.O-O O-O 14.Rad1 Bb7 15.e4 Rfe8
16.Rfe1 Ng4 17.h3 Nge5 18.Nxe5 Nxe5 19.Bxe5 Bxe5 20.f4 Bg7 21.Kh2 Qd8 22.Ne2 Qb6
23.Ng1 c4 24.Nf3 Rbd8 25.h4 Bc8 26.Bh3 Bxh3 27.Kxh3 Qc5 28.h5 a5 29.hxg6 hxg6
30.g4 b4 31.axb4 axb4 32.Rc1 Rc8 33.Kg3 c3 34.b3 Ra8 35.Re2 Ra3 36.Rh1 Qa5
37.f5 Qa6 38.Reh2 Ra1 39.fxg6 fxg6 40.e5 Rxe5 41.Qxg6 Rxh1 42.Rxh1 Re3 43.Qh7+ Kf8
44.Qf5+ Kg8 45.Qh7+ Kf8 46.Qf5+ Kg8 47.Rh5 Rxf3+ 48.Qxf3 Qa7 49.Qd3 Be5+
50.Kf3 Qf7+ 51.Rf5 Qe7 52.Qc4 Qb7 53.Ke2 Qa8 54.Kd3 Qb8 55.Qc6 Qd8 56.Qb7 Qe8
57.Rg5+ Kf8 58.Qxb4 Qc8 59.Rxe5  1-0

[Event "TCh-ISL Div 1 2018-19"]
[Site "Reykjavik ISL"]
[Date "2018.11.10"]
[Round "4.3"]
[White "Halldorsson,Bj"]
[Black "Thorfinnsson,Bj"]
[Result "0-1"]
[WhiteElo "2155"]
[BlackElo "2411"]

1.d4 Nf6 2.c4 c5 3.d5 e6 4.Nc3 exd5 5.cxd5 d6 6.Nf3 g6 7.Bf4 Bg7 8.e3 O-O
9.h3 Re8 10.Nd2 Nh5 11.Bh2 f5 12.Be2 f4 13.e4 Qg5 14.Bxh5 gxh5 15.Qf3 Rf8
16.O-O Nd7 17.Nc4 Ne5 18.Nxe5 Bxe5 19.Kh1 Bg4 20.hxg4 hxg4 21.Qd3 Rf6 22.Bxf4 Rh6+
23.Kg1 Qh4  0-1

[Event "28th TCh-SLO 2018"]
[Site "Slovenia SLO"]
[Date "2018.11.10"]
[Round "5.2"]
[White "Dobrovoljc,Vid"]
[Black "Miletic,De"]
[Result "1-0"]
[WhiteElo "2309"]
[BlackElo "2305"]

1.d4 Nf6 2.c4 c5 3.d5 e6 4.Nc3 exd5 5.cxd5 d6 6.Nf3 g6 7.Bf4 a6 8.a4 Bg7
9.e3 O-O 10.h3 Re8 11.Bd3 Qb6 12.Qc2 Qb4 13.Bxd6 Nxd5 14.O-O Nxc3 15.bxc3 Qb6
16.Bf4 Qf6 17.Rac1 Bd7 18.Ng5 b5 19.Ne4 Qb6 20.Rb1 Be5 21.Bxe5 Rxe5 22.c4 f5
23.Nc3 b4 24.Nd5 Qd6 25.f4 Re6 26.g4 fxg4 27.hxg4 Nc6 28.e4 Nd4 29.Qg2 Bc6
30.e5 Qd8 31.Be4 Ra7 32.Nf6+ Kg7 33.Bd5 Bxd5 34.cxd5 Rxf6 35.exf6+ Qxf6 36.Rbe1 b3
37.Qh3 Qd6 38.f5 gxf5 39.gxf5 Rf7 40.Rf2 Qf6 41.Rg2+ Kh8 42.Re8+ Rf8 43.Rxf8+ Qxf8
44.Qg3 Nxf5 45.Qe5+ Ng7 46.d6 c4 47.d7 h6 48.d8=Q  1-0

[Event "Romania 100 Open 2018"]
[Site "Alba Iulia ROU"]
[Date "2018.11.15"]
[Round "6.3"]
[White "Shishkin,Va UKR"]
[Black "Tilicheev,V"]
[Result "1/2-1/2"]
[WhiteElo "2456"]
[BlackElo "2509"]

1.d4 Nf6 2.c4 c5 3.d5 e6 4.Nc3 exd5 5.cxd5 d6 6.Nf3 g6 7.Bf4 Bg7 8.Qa4+ Bd7
9.Qb3 b5 10.Bxd6 Qb6 11.Be5 O-O 12.e3 b4 13.Nb1 Bf5 14.Nbd2 Nbd7 15.Nc4 Qd8
16.Rd1 Be4 17.d6 Nxe5 18.Ncxe5 Bxf3 19.gxf3 Nd7 20.Nc6 Qf6 21.f4 Qxb2 22.Ne7+ Kh8
23.Qxb2 Bxb2 24.Bb5 Nb6 25.Ke2 Kg7 26.d7 Rfd8 27.Rd6 a6 28.Rxb6 axb5 29.Rd1 Rxa2
30.Nc6 Bf6+ 31.Kf3 Rda8 32.Rxb5 Bh4 33.Kg4 Bd8 34.Rxc5 b3 35.Nxd8 b2 36.Nc6 Ra1
37.d8=Q Rxd8 38.Nxd8 Rxd1 39.Rb5 b1=Q 40.Rxb1 Rxb1 41.Nc6 Rg1+ 42.Kf3 Kh6
43.Nd4 Kh5 44.Ne2 Re1 45.Nd4 f5 46.Kg2 Kh6 47.Nf3 Ra1 48.Ng5 Kg7 49.h3 Ra7
50.Kg3 Kf6 51.h4 Rg7 52.Kg2 Ke7 53.Nf3 Kd6 54.Nd4 Kd5 55.Ne2 Ke4 56.Ng3+ Kd3
57.Kf3 Ra7 58.Kg2 h5 59.Kg1 Ra1+ 60.Kg2 Kd2 61.Nf1+ Ke1 62.Ng3 Ra2 63.Nh1 Rb2
64.Kg1 Ra2  1/2-1/2

[Event "TCh-HUN 2018-19"]
[Site "Hungary HUN"]
[Date "2018.11.17"]
[Round "1.2"]
[White "Babula,V"]
[Black "Nagy,Danie"]
[Result "1-0"]
[WhiteElo "2538"]
[BlackElo "2353"]

1.d4 Nf6 2.c4 e6 3.Nc3 c5 4.d5 exd5 5.cxd5 d6 6.Nf3 g6 7.Nd2 Nbd7 8.e4 a6
9.a4 Bg7 10.Be2 O-O 11.O-O Rb8 12.Ra3 Ne8 13.a5 Nc7 14.Nc4 Ne5 15.Nb6 Nd7
16.Nxc8 Qxc8 17.Bf4 Ne8 18.Qd2 Ne5 19.Na4 f5 20.Nb6 Qc7 21.exf5 gxf5 22.b4 cxb4
23.Qxb4 Ng6 24.Rc1 Qd8 25.Re3 Rf7 26.Re6 Nxf4 27.Qxf4 Be5 28.Qb4 Qg5 29.Rc4 Rg7
30.Bf1 f4 31.Nc8 Nc7 32.Rxc7 Rxc7 33.Nxd6 Bxd6 34.Qxd6 Rbc8 35.Re5 Qg7 36.h4 Kh8
37.Bd3 f3 38.g3 Rc1+ 39.Kh2 Rd1 40.Re7  1-0

[Event "45th ch-IND w 2018"]
[Site "Jaipur IND"]
[Date "2018.11.18"]
[Round "1.9"]
[White "Vantika,Agrawal"]
[Black "Mahajan,S"]
[Result "1-0"]
[WhiteElo "2210"]
[BlackElo "1485"]

1.d4 Nf6 2.Nf3 c5 3.d5 e6 4.c4 exd5 5.cxd5 d6 6.Nc3 g6 7.g3 Bg7 8.Bg2 O-O
9.O-O a6 10.a4 Re8 11.Bf4 Qe7 12.h3 Nbd7 13.Re1 c4 14.e4 Nh5 15.Bg5 Bf6 16.Bxf6 Qxf6
17.Qe2 Ne5 18.Nxe5 Rxe5 19.Qxc4 g5 20.Rac1 Qe7 21.Qe2 Ng7 22.Qd2 Nh5 23.f4 gxf4
24.gxf4 Nxf4 25.Qxf4 f5 26.Kh2 Bd7 27.exf5 Rf8 28.Rxe5 dxe5 29.Qg3+ Kh8 30.d6 Qxd6
31.Rd1 Qe7 32.f6 Qe8 33.Qg7+  1-0

[Event "12th Kings Rapid Women"]
[Site "Bucharest ROU"]
[Date "2018.11.20"]
[Round "5.1"]
[White "Foisor,S"]
[Black "Paulet,I"]
[Result "1-0"]
[WhiteElo "2264"]
[BlackElo "2281"]

1.d4 Nf6 2.Nf3 c5 3.d5 e6 4.c4 exd5 5.cxd5 d6 6.Nc3 g6 7.Nd2 Bg7 8.e4 O-O
9.Be2 Re8 10.O-O a6 11.a4 Nbd7 12.Qc2 Rb8 13.Nc4 Nb6 14.Nxb6 Qxb6 15.Bf4 Bg4
16.f3 Bd7 17.a5 Qc7 18.Bc4 Nh5 19.Be3 f5 20.Rfe1 f4 21.Bf2 Qd8 22.Ne2 Bb5
23.Ra2 Be5 24.Nc1 Bxc4 25.Qxc4 Nf6 26.Nd3 Nd7 27.b4 cxb4 28.Qxb4 Qf6 29.Rc2 Re7
30.Rec1 Rf8 31.Nxe5 Nxe5 32.Bd4 Rff7 33.Rc8+ Kg7 34.Qc3 Kh6 35.Rc2 Qg5 36.Bxe5 Rxe5
37.Rc7 Ree7 38.Rxe7 Qxe7 39.Qd4 Qd7 40.Qc3 Qa4 41.g4 fxg3 42.hxg3 Rxf3 43.Rh2+ Kg5
44.Qxf3 Qd4+ 45.Kg2 Qxd5 46.exd5  1-0

[Event "ch-PAR 2018"]
[Site "Asuncion PAR"]
[Date "2018.11.21"]
[Round "5.5"]
[White "Pereira,Se"]
[Black "Franco Ocampos,Z"]
[Result "1/2-1/2"]
[WhiteElo "1994"]
[BlackElo "2483"]

1.d4 Nf6 2.c4 e6 3.Nf3 c5 4.d5 d6 5.Nc3 exd5 6.cxd5 g6 7.Bf4 a6 8.a4 Bg7
9.e3 O-O 10.h3 Qe7 11.Be2 Nbd7 12.O-O Rb8 13.Re1 Ne8 14.e4 Nc7 15.Bf1 Ne5
16.Bxe5 Bxe5 17.Nxe5 Qxe5 18.Qd2 g5 19.g3 Kh8 20.Bg2 Rg8 21.Kh1 b5 22.f4 gxf4
23.gxf4 Qh5 24.f5 bxa4 25.Rxa4 f6 26.Ra3 Na8 27.Ne2 Nb6 28.Qc2 Nd7 29.Nf4 Qh4
30.Rf1 Ne5 31.Qf2 Qh6 32.Ne6 Bd7 33.Rg3 Rxg3 34.Qxg3 Rg8 35.Qc3 Qh4 36.Rf4 Qg3
37.Qxg3 Rxg3 38.Bf1 a5 39.Rh4 Nf3 40.Rg4 Rxg4 41.hxg4 Bxe6 42.dxe6 Kg7 43.Bb5 Kf8
44.Kg2 Ne5 45.Kg3 Ke7 46.Kf4 h6 47.Kg3 Kf8 48.b3 Ke7 49.Kh4 Nf3+ 50.Kh5 Nd2
51.Kxh6 Nxe4 52.Bc6 Ng5 53.Kh5 Nxe6 54.fxe6 Kxe6 55.Kg6 d5 56.Bb5 Ke5 57.Be2 Ke6
58.Bd3 Ke5 59.Be2 Ke6 60.Bf3 Ke5 61.Bxd5 Kxd5 62.Kxf6 c4 63.bxc4+ Kc5 64.g5 a4
65.g6 a3 66.g7 a2 67.g8=Q a1=Q+ 68.Ke7 Qe5+ 69.Qe6  1/2-1/2

[Event "World Senior 50+ 2018"]
[Site "Bled SLO"]
[Date "2018.11.21"]
[Round "4.4"]
[White "Berend,F"]
[Black "Movsziszian,K"]
[Result "0-1"]
[WhiteElo "2369"]
[BlackElo "2513"]

1.d4 Nf6 2.c4 c5 3.d5 e6 4.Nc3 exd5 5.cxd5 d6 6.Nf3 g6 7.Bf4 Bg7 8.Qa4+ Bd7
9.Qb3 Qc7 10.Bxd6 Qxd6 11.Qxb7 Qb6 12.Qxa8 Qxb2 13.Rd1 Qxc3+ 14.Nd2 O-O 15.e3 Ba4
16.Qxa7 Bxd1 17.Kxd1 Nxd5 18.Bc4 Qa1+ 19.Ke2 Nc3+  0-1

[Event "12th Kings Blitz Women"]
[Site "Bucharest ROU"]
[Date "2018.11.21"]
[Round "3.1"]
[White "Foisor,S"]
[Black "Paulet,I"]
[Result "1/2-1/2"]
[WhiteElo "2264"]
[BlackElo "2281"]

1.d4 Nf6 2.Nf3 c5 3.d5 e6 4.c4 exd5 5.cxd5 d6 6.Nc3 g6 7.Nd2 Bg7 8.e4 O-O
9.Be2 a6 10.a4 Re8 11.O-O Nbd7 12.Qc2 Ne5 13.f4 Neg4 14.Nc4 Rb8 15.h3 b5
16.axb5 axb5 17.Nxd6 Qxd6 18.hxg4 Nxg4 19.Bxb5 Bd4+ 20.Kh1 Qe7 21.g3 Bd7
22.Ra7 Rbd8 23.Bxd7 Rxd7 24.Rxd7 Qxd7 25.Kg2 Nf6 26.Bd2 Nxe4 27.Nxe4 Qxd5
28.Re1 f5 29.Kf3 Rxe4 30.Rxe4 fxe4+ 31.Qxe4 Qxe4+ 32.Kxe4 Bxb2 33.Kd5 Bd4
34.Ba5 Bf2 35.g4 Kf7 36.Bb6 Kf6 37.Bd8+ Kf7 38.Ke5 Bg3 39.Bb6 c4 40.Ba5 g5
41.Kd4 gxf4 42.Kxc4 Kg6 43.Bd8 Bf2 44.Kd3 Be3 45.Ke4 Bc1 46.Kf3 Kf7 47.Bg5 Kg6
48.Bxf4 Bxf4 49.Ke4  1/2-1/2

[Event "Baku Open 2018"]
[Site "Baku AZE"]
[Date "2018.11.24"]
[Round "1.9"]
[White "Sadigzada,Ravan"]
[Black "Sanikidze,T"]
[Result "0-1"]
[WhiteElo "1573"]
[BlackElo "2512"]

1.d4 Nf6 2.c4 e6 3.Nc3 c5 4.d5 d6 5.Nf3 exd5 6.cxd5 g6 7.Bf4 a6 8.a4 Bg7
9.h3 O-O 10.e3 Re8 11.Be2 Nfd7 12.O-O Qe7 13.Re1 Ne5 14.Nd2 Nbd7 15.a5 f5
16.Qc2 Rf8 17.Nc4 g5 18.Bh2 Nxc4 19.Bxc4 Ne5 20.Bxe5 Qxe5 21.Na4 Rb8 22.Re2 f4
23.exf4 Qxf4 24.Nb6 Bf5 25.Bd3 Bd4 26.Bxf5 Rxf5 27.Rf1 Rbf8 28.Kh1 Be5 29.Rxe5 Qxe5
30.Nd7 Rxf2 31.Rxf2 Qe1+ 32.Kh2 Rxf2  0-1

[Event "1st Albin Planinc Mem"]
[Site "Bled SLO"]
[Date "2018.11.24"]
[Round "3.24"]
[White "Arkell,K"]
[Black "Susnik,M"]
[Result "1-0"]
[WhiteElo "2443"]
[BlackElo "2030"]

1.d4 Nf6 2.Nf3 e6 3.c4 c5 4.d5 exd5 5.cxd5 d6 6.Nc3 g6 7.g3 Bg7 8.Bg2 O-O
9.O-O a6 10.a4 Re8 11.Nd2 Nbd7 12.Nc4 Ne5 13.Nxe5 Rxe5 14.Bf4 Re8 15.Qc2 Nh5
16.Bd2 f5 17.Rab1 Rb8 18.b4 cxb4 19.Rxb4 Bd7 20.e3 Qc7 21.Qb3 Rec8 22.Rc1 b6
23.Ne2 Qd8 24.Rxc8 Bxc8 25.Nd4 Bd7 26.Nc6 Bxc6 27.dxc6+ Kh8 28.Bc3 Qc7 29.Bxg7+ Kxg7
30.Qd3 Nf6 31.Qxa6 Ne4 32.Bxe4 fxe4 33.Qb5 Rc8 34.Qxb6 Qxc6 35.Qxc6 Rxc6
36.Rxe4 Kf6 37.Rb4 Rc1+ 38.Kg2 Ra1 39.g4 h6 40.h4 Ke6 41.Kf3 Rh1 42.a5 Ra1
43.Rb5 Ra4 44.h5 g5 45.Rb7 Rxa5 46.Rh7 Re5 47.Rxh6+ Ke7 48.Rg6 d5 49.h6 Kf7
50.Rg7+ Kf8 51.Rd7 Kg8 52.Ke2 Kh8 53.Kd3 Kg8 54.f3 Kh8 55.Kd4 Re6 56.Rxd5 Rg6
57.Ke5 Rxh6 58.Kf5 Rh3 59.Kg6 Rxf3 60.Rd8+ Rf8 61.Rxf8+  1-0

[Event "32nd British Rapid 2018"]
[Site "Ilkley ENG"]
[Date "2018.11.24"]
[Round "3.3"]
[White "Gormally,D"]
[Black "Willow,Jonah B"]
[Result "1-0"]
[WhiteElo "2483"]
[BlackElo "2224"]

1.d4 Nf6 2.Nf3 e6 3.c4 c5 4.d5 exd5 5.cxd5 d6 6.Nc3 g6 7.e4 a6 8.h3 b5 9.Bd3 Bg7
10.O-O O-O 11.Re1 Re8 12.Bg5 Nbd7 13.Qd2 Qc7 14.Bh6 c4 15.Bc2 Nc5 16.Bxg7 Kxg7
17.b4 cxb3 18.axb3 b4 19.Nb5 Qb6 20.Nxd6 Qxd6 21.e5 Qd8 22.exf6+ Qxf6 23.Qxb4 Rxe1+
24.Rxe1 Nb7 25.Nd2 a5 26.Qa3 Nd6 27.Nc4 Nb5 28.Qc5 Nd4 29.Re8 Nf3+ 30.gxf3 Qg5+
31.Kh1 Qc1+ 32.Bd1 Qxd1+ 33.Kh2 Qf1 34.Nd2 Qxh3+ 35.Kg1 Qf5 36.Qf8+  1-0

[Event "32nd British Rapid 2018"]
[Site "Ilkley ENG"]
[Date "2018.11.24"]
[Round "5.2"]
[White "Gormally,D"]
[Black "Surtees,M"]
[Result "1-0"]
[WhiteElo "2483"]
[BlackElo "2096"]

1.d4 e6 2.Nf3 Nf6 3.c4 c5 4.d5 exd5 5.cxd5 d6 6.Nc3 g6 7.e4 a6 8.h3 Bg7 9.Bd3 O-O
10.O-O b5 11.Re1 Nbd7 12.Bf4 Ne8 13.Qd2 Ne5 14.Nxe5 dxe5 15.Be3 c4 16.Bc2 Nd6
17.b4 Bd7 18.a4 Qc7 19.Bc5 Rfe8 20.Ra2 Bf8 21.Rea1 Qb7 22.axb5 Bxb5 23.f4 f6
24.Rf1 Qg7 25.Bd1 Kh8 26.Bg4 Bd7 27.fxe5 fxe5 28.Rxf8+ Rxf8 29.Bxd6 Rfe8
30.Bxd7 Qxd7 31.Bc5 Rec8 32.Qg5 Re8 33.Qf6+ Qg7 34.Qxg7+ Kxg7 35.Na4 a5 36.b5 Rac8  1-0

[Event "42nd Tenkes Cup 2018"]
[Site "Harkany HUN"]
[Date "2018.11.25"]
[Round "4.6"]
[White "Bodrogi,Bendeguz"]
[Black "Udvardi,Zalan"]
[Result "0-1"]
[WhiteElo "1660"]
[BlackElo "2212"]

1.d4 Nf6 2.c4 c5 3.d5 e6 4.Nc3 exd5 5.cxd5 d6 6.Nf3 g6 7.Nd2 Bg7 8.Nc4 O-O
9.Bf4 Ne8 10.Ne4 b5 11.Ncxd6 Nxd6 12.Nxd6 g5 13.Bg3 Bxb2 14.Nxb5 a6 15.Rb1 Bg7
16.Qd2 axb5 17.Rxb5 Qf6 18.e4 Qa1+  0-1

[Event "45th ch-IND w 2018"]
[Site "Jaipur IND"]
[Date "2018.11.26"]
[Round "11.4"]
[White "Chitlange,Sakshi"]
[Black "Srija,S"]
[Result "0-1"]
[WhiteElo "2237"]
[BlackElo "2224"]

1.d4 Nf6 2.c4 c5 3.d5 e6 4.Nc3 exd5 5.cxd5 d6 6.Nf3 g6 7.Bf4 a6 8.a4 Bg7
9.e3 O-O 10.Be2 Qe7 11.O-O Nbd7 12.h3 Nh5 13.Bh2 f5 14.Nd2 Nhf6 15.Nc4 Ne8
16.Re1 Ne5 17.Nb6 Rb8 18.a5 Nf6 19.Qc2 Nfd7 20.Nca4 Qf6 21.Ra3 g5 22.Nxd7 Bxd7
23.Bxe5 Qxe5 24.Nb6 Be8 25.Nc4 Qf6 26.Bd3 Bb5 27.Re2 h5 28.e4 fxe4 29.Bxe4 Qd4
30.Rc3 Rbe8 31.Bh7+ Kh8 32.Rxe8 Rxe8 33.Ne3 Qb4 34.Bg6 Rf8 35.Qd1 g4 36.Bb1 Qxb2
37.Rc2 Qf6 38.Rd2 Bh6 39.hxg4 Bxe3 40.Qc2 Qe7 41.Qc3+ Bd4 42.Qc1 Re8 43.Rd1 Qf6
44.Qc2 Re7 45.gxh5 Ba4  0-1

[Event "TCh-ROU Superliga 2018"]
[Site "Sovata ROU"]
[Date "2018.11.26"]
[Round "3.3"]
[White "Pop,A"]
[Black "Luncasu,R"]
[Result "1-0"]
[WhiteElo "2274"]
[BlackElo "2187"]

1.d4 Nf6 2.Nf3 c5 3.d5 e6 4.c4 exd5 5.cxd5 d6 6.Nc3 g6 7.e3 Bg7 8.Be2 O-O
9.O-O Na6 10.Nd2 Nc7 11.e4 Re8 12.Re1 a6 13.a4 Rb8 14.a5 b5 15.axb6 Rxb6
16.Nc4 Rb4 17.f3 Bf8 18.Bg5 h6 19.Bh4 g5 20.Bf2 Bd7 21.Ra2 Nh5 22.g3 Ng7
23.Bf1 f5 24.e5 dxe5 25.d6 Nce6 26.Nd5 Rb8 27.Nxe5 Nh5 28.Nc7 Rb6 29.Nxe8 Qxe8
30.Rxa6 Rxa6 31.Bxa6 Nhg7 32.Bc4 Kh7 33.Qd5  1-0

[Event "TCh-ROU Superliga 2018"]
[Site "Sovata ROU"]
[Date "2018.11.26"]
[Round "3.2"]
[White "Nanu,C"]
[Black "Ognean,Mihnea-Ionut"]
[Result "1-0"]
[WhiteElo "2505"]
[BlackElo "2291"]

1.d4 Nf6 2.Nf3 e6 3.c4 c5 4.d5 d6 5.Nc3 exd5 6.cxd5 g6 7.Bf4 a6 8.a4 Bg7
9.h3 O-O 10.e3 Ne8 11.Be2 Nd7 12.O-O Rb8 13.Bg5 f6 14.Bh4 Ne5 15.Nxe5 dxe5
16.e4 a5 17.Nb5 Nd6 18.Qc2 Nxb5 19.Bxb5 Qd6 20.Qd2 b6 21.Bg3 f5 22.exf5 gxf5
23.f3 Bb7 24.Rad1 Kh8 25.Rfe1 c4 26.Qe2 f4 27.Bf2 Rf5 28.Qe4 Rh5 29.Re2 Rg8
30.Qxc4 Bf6 31.Kf1 Be7 32.Be1 Qh6 33.Bc3 Bd6 34.Bd7 Qf6 35.Rdd2 Rg7 36.Qb5 Bc5
37.Bg4 Rhg5 38.Qe8+ Rg8 39.Bxe5 Rxe5 40.Qxe5 Qxe5 41.Rxe5 Ba6+ 42.Ke1 Bb4
43.Kd1 Bxd2 44.Kxd2 Rd8 45.Kc3 Kg7 46.Kd4 Rd6 47.Re7+ Kg6 48.Ke5  1-0

[Event "32nd Belgrade Trophy"]
[Site "Belgrade SRB"]
[Date "2018.11.29"]
[Round "6.44"]
[White "Radojicic,Aleksandar M"]
[Black "Djordjevic,Z"]
[Result "1-0"]
[WhiteElo "1814"]
[BlackElo "1987"]

1.d4 e6 2.c4 c5 3.d5 exd5 4.cxd5 d6 5.Nf3 Nf6 6.Nc3 g6 7.Bf4 a6 8.a4 Bg7
9.h3 Nh5 10.Bd2 f5 11.e3 O-O 12.Bd3 Qe7 13.O-O Nd7 14.a5 Rd8 15.Be2 Bf6 16.Na4 Ng7
17.Bc4 Ne8 18.Qc2 Nf8 19.Nxc5 Qg7 20.Nd3 Bd7 21.Qb3 Rab8 22.Qa3 Qe7 23.Rfe1 Kh8
24.Rac1 Bc8 25.Nf4 b5 26.axb6 Rxb6 27.Nd4 Bd7 28.b3 Rdb8  1-0

[Event "3rd Krunoslav Hulak Mem"]
[Site "Zagreb CRO"]
[Date "2018.12.01"]
[Round "1.7"]
[White "Enchev,I"]
[Black "Ognjacevic,A"]
[Result "1-0"]
[WhiteElo "2491"]
[BlackElo "1969"]

1.Nf3 Nf6 2.c4 e6 3.d4 c5 4.d5 d6 5.Nc3 exd5 6.cxd5 g6 7.Bf4 a6 8.a4 Qc7
9.h3 Bg7 10.e3 O-O 11.Be2 b6 12.Nd2 Re8 13.Nc4 Bf8 14.O-O Nbd7 15.Qb3 Rb8
16.Bf3 Ne5 17.Nxe5 dxe5 18.Bg5 e4 19.Be2 Nd7 20.d6 Bxd6 21.Bc4 Bh2+ 22.Kh1 Kg7
23.Bxf7 Rf8 24.Bd5 h6 25.Bh4 g5 26.Bg3 Bxg3 27.fxg3 Qxg3 28.Nxe4 Qe5 29.Qd3 Rf5
30.Rxf5 Qxf5 31.Rf1 Ne5 32.Rxf5 Nxd3 33.Rf7+ Kg6 34.Nd6 Nxb2 35.g4 Bb7 36.Bxb7  1-0

[Event "ch-IND U19 Girls 2018"]
[Site "New Delhi IND"]
[Date "2018.12.02"]
[Round "6.1"]
[White "Chitlange,Sakshi"]
[Black "Aakanksha,Hagawane"]
[Result "1/2-1/2"]
[WhiteElo "2237"]
[BlackElo "2264"]

1.d4 Nf6 2.c4 c5 3.d5 e6 4.Nc3 exd5 5.cxd5 d6 6.Nf3 g6 7.g3 Bg7 8.Bg2 O-O
9.O-O Re8 10.Nd2 a6 11.a4 Nbd7 12.Nc4 Ne5 13.Na3 Nh5 14.Bd2 Rb8 15.Rb1 Bf5
16.e4 Bd7 17.Qe2 f5 18.b4 cxb4 19.Rxb4 Nf7 20.Qd3 Nf6 21.Nc4 b5 22.axb5 fxe4
23.Nxe4 Nxe4 24.Bxe4 Bxb5 25.Qc2 Rc8 26.Bd3 Ne5 27.Be2 Bxc4 28.Bxc4 Qa5 29.Qe4 Rxc4
30.Rxc4 Qxd2 31.f4 Nxc4 32.Qxe8+ Bf8 33.Qe6+ Kg7 34.Qd7+ Kh8 35.Qc8 Qd4+
36.Rf2 Kg8 37.Qe6+ Kh8 38.Qc8 Kg7 39.Qd7+ Kg8 40.Qe6+  1/2-1/2